| 000 | 00354 a2200157 4500 | ||
|---|---|---|---|
| 001 | 73440 | ||
| 082 | _a621.902 KRA | ||
| 090 |
_c38897 _d38897 |
||
| 100 | _aKrar | ||
| 245 |
_aTechnology of Machine tools 4th/Ed _cKrar |
||
| 250 | _a4th | ||
| 260 |
_aNy _bMcgraw Hill _c1990 |
||
| 300 | _a751.p | ||
| 500 | _aCAE Textbook | ||
| 520 | _aCAE Textbook | ||
| 942 |
_acaenust _k621.902 KRA |
||
| 999 |
_c308513 _d308513 |
||